| 000 | 00425cam a2200169ua 4500 | ||
|---|---|---|---|
| 020 | _cRs.5/- | ||
| 041 |
_aeng _h |
||
| 082 |
_a328.3 _bGOP/Ap |
||
| 100 | _aGopala, Menon N . | ||
| 245 |
_aParliamentary Goverment in India / _cGopala, Menon N. _hTextual Documents |
||
| 260 |
_aLucknow : _bViswa vidyalay , _c1958. |
||
| 300 | _a174 ; . | ||
| 365 | _aRs.5/- | ||
| 504 | _a | ||
| 942 | _cBK | ||
| 999 |
_c12395 _d12395 |
||